| 000 | 00390pam a2200157 a 4500 | ||
|---|---|---|---|
| 020 |
_a9789350904329 _c |
||
| 041 | _h | ||
| 082 |
_a616.1 _bSIN / SHE |
||
| 100 | _aSINGH E.,SHEIK P. | ||
| 245 |
_aATLAS ON X-RAY & ANGIOGRAPHIC ANATOMY _hTextual Documents |
||
| 250 | _a1. | ||
| 260 |
_bJAYPEE BROTHERS MEDICAL PUB. _c2013 |
||
| 300 |
_a147: _cPB. |
||
| 930 | _a6445 | ||
| 999 |
_c800972 _d800972 |
||
| 650 | _aCARDIOLOGY | ||